[Event "Internet Section 10B g/8'+2\""]
[Site "Dos Hermanas"]
[Date "2004.03.11"]
[Round "5"]
[White "Barria Zuniga, Daniel"]
[Black "Gryciuk, Wojciech"]
[Result "1-0"]
[WhiteElo "2372"]
[BlackElo "2245"]
[PlyCount "65"]
[EventDate "2004.03.10"]
[EventType "swiss (blitz)"]
[EventRounds "9"]
[EventCountry "ESP"]
[SourceTitle "EXT 2005"]
[Source "ChessBase"]
[SourceDate "2004.11.15"]
[SourceVersion "1"]
[SourceVersionDate "2004.11.15"]
[SourceQuality "1"]

1. e4 d6 2. d4 Nf6 3. Nc3 g6 4. Be3 c6 5. Qd2 b5 6. f3 Nbd7 7. a4 b4 8. Nce2 a5 9. g4 Nb6 10. Ng3 Ba6 11. Bxa6 Rxa6 12. b3 Nfd7 13. 0-0-0 Bg7 14. N1e2 0-0 15. h4 Ra8 16. h5 c5 17. hxg6 fxg6 18. Bh6 Rf7 19. Bxg7 Rxg7 20. Nf4 Nf8 21. dxc5 e5 22. Nd5 Nc8 23. Ne3 Ne6 24. Qd5 Qe8 25. Qxa8 Nxc5 26. Qd5+ Kh8 27. Nc4 Rc7 28. Kb1 Ne7 29. Qxd6 Nxa4 30. Qxe5+ Kg8 31. Qxc7 Nc3+ 32. Kb2 Nxd1+ 33. Rxd1 1-0

[Event "Internet Section 10B g/8'+2\""]
[Site "Dos Hermanas"]
[Date "2004.03.11"]
[Round "9"]
[White "Konguvel, Ponnuswamy"]
[Black "Gryciuk, Wojciech"]
[Result "1-0"]
[WhiteElo "2347"]
[BlackElo "2245"]
[PlyCount "85"]
[EventDate "2004.03.10"]
[EventType "swiss (blitz)"]
[EventRounds "9"]
[EventCountry "ESP"]
[SourceTitle "EXT 2005"]
[Source "ChessBase"]
[SourceDate "2004.11.15"]
[SourceVersion "1"]
[SourceVersionDate "2004.11.15"]
[SourceQuality "1"]

1. e4 d6 2. d4 Nf6 3. Nc3 g6 4. f4 Bg7 5. Nf3 c5 6. dxc5 Qa5 7. Bd2 Qxc5 8. h3 0-0 9. Bd3 Nc6 10. Qe2 Nd4 11. Nxd4 Qxd4 12. Be3 Qb4 13. Qd2 Nd7 14. 0-0-0 Bxc3 15. Qxc3 Qxc3 16. bxc3 f6 17. Bc4+ Kg7 18. h4 Nb6 19. Bd5 Nxd5 20. exd5 Bf5 21. Bd4 Be4 22. Rhe1 Bxg2 23. Rxe7+ Kh6 24. f5 g5 25. Rg1 Bxd5 26. hxg5+ fxg5 27. Bg7+ Kh5 28. Bxf8 h6 29. Bg7 Rc8 30. f6 Rc4 31. f7 Bxf7 32. Rxf7 Ra4 33. Rf6 g4 34. Rxh6+ Kg5 35. Rxd6 Rxa2 36. Kd2 Ra4 37. Bh6+ Kf5 38. Rf1+ Ke5 39. Rd4 Ra6 40. Bg7+ Ke6 41. Rf6+ Ke7 42. Rxa6 bxa6 43. Rxg4 1-0

[Event "Internet Section 07A g/8'+2\""]
[Site "Dos Hermanas"]
[Date "2004.03.07"]
[Round "2"]
[White "Vergara Rodriguez, Jose Antonio"]
[Black "Gryciuk, Wojciech"]
[Result "0-1"]
[WhiteElo "2160"]
[BlackElo "2245"]
[PlyCount "104"]
[EventDate "2004.03.07"]
[EventType "swiss (blitz)"]
[EventRounds "9"]
[EventCountry "ESP"]
[SourceTitle "CBM 099 Extra"]
[Source "ChessBase"]
[SourceDate "2004.05.04"]
[SourceVersion "1"]
[SourceVersionDate "2004.05.04"]
[SourceQuality "1"]

1. Nf3 d5 2. g3 e6 3. Bg2 f5 4. d4 c6 5. 0-0 Nf6 6. Be3 Bd6 7. Nbd2 0-0 8. c4 Nbd7 9. cxd5 exd5 10. a3 Ne4 11. Nxe4 fxe4 12. Ng5 Nf6 13. Qb3 Kh8 14. f3 h6 15. fxe4 hxg5 16. e5 Ng4 17. exd6 Re8 18. Rf3 Qxd6 19. Raf1 Bd7 20. Bxg5 Rxe2 21. Qxb7 Rb8 22. Bf4 Rxb7 23. Bxd6 Rbxb2 24. Bh3 Rxh2 25. R1f2 Rbxf2 26. Rxf2 Rxh3 27. Rf7 Be6 28. Rxa7 Bf5 29. Bf4 Be4 30. Kf1 Bf3 31. Ke1 Rh2 32. Rc7 Re2+ 33. Kf1 Rc2 34. Ke1 Nh2 35. a4 Re2+ 36. Kd1 Ra2+ 37. Kc1 Rxa4 38. Rxc6 Rxd4 39. Rc8+ Kh7 40. Be5 Rc4+ 41. Rxc4 dxc4 42. Kc2 Ng4 43. Bf4 Be2 44. Kc3 Kg6 45. Kd4 Kf5 46. Kc3 Ke4 47. Kc2 Bd3+ 48. Kc3 Kf3 49. Kd2 Nf6 50. Kc3 Ne4+ 51. Kb2 Nxg3 52. Bxg3 Kxg3 0-1

[Event "Internet Section 07A g/8'+2\""]
[Site "Dos Hermanas"]
[Date "2004.03.07"]
[Round "9"]
[White "Willim, Michael"]
[Black "Gryciuk, Wojciech"]
[Result "1-0"]
[WhiteElo "2121"]
[BlackElo "2245"]
[PlyCount "55"]
[EventDate "2004.03.07"]
[EventType "swiss (blitz)"]
[EventRounds "9"]
[EventCountry "ESP"]
[SourceTitle "CBM 099 Extra"]
[Source "ChessBase"]
[SourceDate "2004.05.04"]
[SourceVersion "1"]
[SourceVersionDate "2004.05.04"]
[SourceQuality "1"]

1. d4 d5 2. c4 e6 3. Nc3 f5 4. e3 c6 5. Bd3 Nf6 6. Qc2 Bd6 7. Nge2 g6 8. 0-0 0-0 9. Bd2 Nbd7 10. cxd5 exd5 11. f3 Nh5 12. e4 fxe4 13. fxe4 dxe4 14. Nxe4 Bc7 15. Bh6 Rxf1+ 16. Rxf1 Ng7 17. Qc4+ Kh8 18. Ng5 Qe8 19. Nf7+ Kg8 20. Ng5+ Kh8 21. Bxg7+ Kxg7 22. Rf7+ Kh6 23. h4 Qe3+ 24. Kh1 Nf6 25. Rxf6 Bg4 26. Qf7 Rh8 27. Rxg6+ hxg6 28. Qxg6# 1-0

[Event "Warsaw Legion op"]
[Site "Warsaw"]
[Date "1991.??.??"]
[Round "1"]
[White "Malisauskas, Vidmantas"]
[Black "Gryciuk, Wojciech"]
[Result "1-0"]
[WhiteElo "2505"]
[BlackElo "2260"]
[PlyCount "53"]
[EventDate "1991.??.??"]
[EventType "swiss"]
[EventRounds "11"]
[EventCountry "POL"]
[SourceTitle "EXT 1997"]
[Source "ChessBase"]
[SourceDate "1996.11.15"]
[SourceVersion "1"]
[SourceVersionDate "1996.11.15"]
[SourceQuality "1"]

1. e4 d6 2. d4 Nf6 3. Nc3 c6 4. Nf3 Bg4 5. Be2 e6 6. h3 Bxf3 7. Bxf3 d5 8. e5 Nfd7 9. Ne2 c5 10. c3 Nc6 11. 0-0 Qb6 12. g3 Rc8 13. Bg2 cxd4 14. cxd4 f6 15. Nf4 Nxd4 16. Be3 fxe5 17. Bxd4 Qxd4 18. Qxd4 exd4 19. Nxe6 Rc2 20. Bxd5 Nf6 21. Bb3 Rxb2 22. Rad1 Re2 23. Rxd4 Ke7 24. Nf4 Re5 25. Nd3 Re2 26. Rc1 Ne8 27. Kf1 1-0